=LDR 00000nam 2200000 4500 =001 INLIS000000000050003 =005 20170417111842.0 =006 =007 =008 =035 ##$$0010-041700000000193 =082 ##$$a 658.827 =090 ##$$a 658.827 Cip s =100 ##$$a Fandy Tjiptono, Ph.D =245 ##$$a Manajemen & Strategi Mereki =250 ##$$a 285 hlm. =260 ##$$a Andi Yogyakarta =850 ##$$a NBPDMAT